[Event "Superettan(Rockaden,Sthlm II-Orgryte)"]
[Site "?"]
[Date "2010.03.13"]
[Round "8"]
[White "Todorovic, Zoran"]
[Black "Lauritzson, Peter"]
[Result "0-1"]
[WhiteElo "2072"]
[BlackElo "2148"]
[PlyCount "78"]

1. e4 c5 2. Nf3 Nc6 3. d4 cxd4 4. Nxd4 e5 5. Nb5 d6 6. N1c3 a6 7. Na3 b5 8. Nd5
Nge7 9. Bg5 h6 10. Bh4 Qa5+ 11. c3 Nxd5 12. Qxd5 Bb7 13. Be2 Qc7 14. Qd2 Be7
15. Bxe7 Nxe7 16. f3 O-O 17. O-O d5 18. Qe3 Rad8 19. Rfc1 f5 20. exf5 Nxf5 21.
Qf2 Qe7 22. Nc2 Qg5 23. Rd1 h5 24. a4 h4 25. axb5 axb5 26. Bxb5 h3 27. Ra4 d4
28. cxd4 Nh4 29. d5 Nxf3+ 30. Kh1 Nd4 31. Qg3 hxg2+ 32. Qxg2 Bxd5 33. Qxd5+
Rxd5 34. Bc4 Nxc2 35. Bxd5+ Kh8 36. Rg1 Qd8 37. Be4 Ne3 38. Rga1 Qh4 39. Bf5
Qf2 0-1

[Event "Superettan(Rockaden,Sthlm II-Orgryte)"]
[Site "?"]
[Date "2010.03.13"]
[Round "8"]
[White "Virolainen, Victor"]
[Black "Nizov, Anton"]
[Result "1-0"]
[WhiteElo "2197"]
[BlackElo "2071"]
[PlyCount "65"]

1. d4 d5 2. Nf3 Nf6 3. e3 Bg4 4. Bd3 e6 5. b3 Bd6 6. Bb2 Nbd7 7. Nbd2 c6 8. h3
Bxf3 9. Nxf3 Qc7 10. O-O O-O 11. c4 e5 12. c5 e4 13. cxd6 Qxd6 14. Bc2 exf3 15.
Qxf3 Rfe8 16. Rad1 Ne4 17. Rfe1 f5 18. Qf4 Qxf4 19. exf4 g6 20. g4 Kf7 21. f3
Nd6 22. Bd3 Kf6 23. Ba3 Rxe1+ 24. Rxe1 Re8 25. Re5 Nxe5 26. fxe5+ Ke6 27. Bxd6
a6 28. Kg2 Rg8 29. Kg3 Rg7 30. gxf5+ gxf5+ 31. Kf4 Rg2 32. Bxf5+ Kf7 33. e6+
1-0

[Event "Superettan(Rockaden,Sthlm II-Orgryte)"]
[Site "?"]
[Date "2010.03.13"]
[Round "8"]
[White "Revelj, Oskar"]
[Black "Arnelind, Mikael"]
[Result "0-1"]
[WhiteElo "2045"]
[BlackElo "2219"]
[PlyCount "82"]

1. d4 Nf6 2. c4 e6 3. Nc3 Bb4 4. Bg5 O-O 5. e4 d6 6. Bd3 e5 7. Nge2 Nbd7 8. O-O
h6 9. Bh4 Bxc3 10. bxc3 g5 11. Bg3 c5 12. d5 Re8 13. f3 Nf8 14. Bf2 Ng6 15. Qc2
Nh5 16. Be3 Kh7 17. Ng3 Nhf4 18. Rfb1 Rb8 19. Bf1 Rg8 20. Rb2 Qf6 21. Rab1 Ne7
22. Qa4 Ra8 23. Rxb7 Bxb7 24. Rxb7 Rgd8 25. Rxa7 Rxa7 26. Qxa7 Nc8 27. Qc7 Qe7
28. Qa5 Rd7 29. Nf5 Qd8 30. Qb5 Qc7 31. g3 Ng6 32. Bh3 Rd8 33. a4 Nce7 34. Nxd6
Qxd6 35. Bxc5 Qf6 36. Qb6 Qh8 37. Qc7 Qe8 38. d6 g4 39. Bxg4 Qxa4 40. dxe7 Rd1+
41. Kg2 Qxc4 0-1

[Event "Superettan(Rockaden,Sthlm II-Orgryte)"]
[Site "?"]
[Date "2010.03.13"]
[Round "8"]
[White "Eksmyr, Johan"]
[Black "Bielik, Alexander"]
[Result "1-0"]
[WhiteElo "2141"]
[BlackElo "1910"]
[PlyCount "65"]

1. d4 Nf6 2. Nf3 c5 3. e3 d5 4. Be2 Nc6 5. b3 cxd4 6. exd4 Bf5 7. Bb2 Rc8 8. c4
Bxb1 9. Rxb1 Qa5+ 10. Nd2 Qxa2 11. Bc3 Qa3 12. c5 Nxd4 13. Bxd4 Qb4 14. Bxf6
gxf6 15. Ra1 a6 16. O-O Bh6 17. Nf3 Qxc5 18. b4 Qc2 19. b5 O-O 20. bxa6 bxa6
21. Bxa6 Rc5 22. Qd4 e5 23. Qh4 Qg6 24. Ra4 e4 25. Nd4 f5 26. Qe7 Rc3 27. Qd7
Ra8 28. Nxf5 Qf6 29. Qxd5 Rxa6 30. Rxe4 Rac6 31. Ne7+ Kf8 32. Qd8+ Kg7 33. Qg8#
1-0

[Event "Superettan(Rockaden,Sthlm II-Orgryte)"]
[Site "?"]
[Date "2010.03.13"]
[Round "8"]
[White "Smirnov, Nikita"]
[Black "Tibell, Ingemar"]
[Result "1-0"]
[WhiteElo "1745"]
[BlackElo "2071"]
[PlyCount "53"]

1. e4 c5 2. Nc3 d6 3. f4 g6 4. Nf3 Bg7 5. Bb5+ Nc6 6. O-O e6 7. Bxc6+ bxc6 8.
e5 d5 9. d3 Ne7 10. Na4 c4 11. Be3 O-O 12. Qe1 cxd3 13. cxd3 Nf5 14. Bf2 Re8
15. Rc1 Ba6 16. Nc5 Bc8 17. g4 Ne7 18. Nd4 a5 19. Bh4 Qb6 20. Qf2 a4 21. Bf6
Bf8 22. Nf3 Ra5 23. d4 Qa7 24. Ng5 h6 25. Qh4 Bg7 26. Rf3 hxg5 27. fxg5 1-0

[Event "Superettan(Rodeby-Horndal)"]
[Site "?"]
[Date "2010.03.14"]
[Round "9"]
[White "Vaarala, Eric"]
[Black "Greiff, Hakan"]
[Result "0-1"]
[WhiteElo "2224"]
[BlackElo "2304"]
[PlyCount "134"]

1. e4 e5 2. Nf3 Nc6 3. Bb5 a6 4. Ba4 d6 5. O-O Bg4 6. h3 Bd7 7. Re1 Nge7 8. c3
Ng6 9. d4 Be7 10. Nbd2 O-O 11. Nf1 Nh4 12. N1h2 exd4 13. cxd4 Kh8 14. d5 Ne5
15. Nxh4 Bxa4 16. Qxa4 Bxh4 17. g3 Nd3 18. Re3 Nc5 19. Qc2 Bf6 20. Ng4 Bd4 21.
Re1 Re8 22. Qc4 Bf6 23. e5 Nd7 24. Nxf6 Nxf6 25. Bg5 dxe5 26. Bxf6 Qxf6 27.
Qxc7 Re7 28. Qc3 Qd6 29. Rad1 h6 30. b4 Rae8 31. Qc5 Rd8 32. Qxd6 Rxd6 33. f4
e4 34. Kf2 f5 35. Rd4 Rc7 36. Re2 Kg8 37. a4 Kf7 38. Rb2 Rcd7 39. Rbd2 Ke7 40.
Rd1 Rc7 41. Re1 Kf6 42. Re2 g6 43. Rb2 Ke7 44. Re2 Kd7 45. Rb2 Rc3 46. a5 g5
47. g4 Rxh3 48. Kg2 Rd3 49. Rxd3 exd3 50. fxg5 hxg5 51. gxf5 Rxd5 52. Rd2 Ke7
53. Kf3 Kf6 54. Ke4 Rd8 55. Rxd3 Rxd3 56. Kxd3 Kxf5 57. Kd4 g4 58. Kc5 g3 59.
Kb6 g2 60. Kxb7 g1=Q 61. Kxa6 Qg6+ 62. Kb5 Qe8+ 63. Kc5 Qc8+ 64. Kb6 Qb8+ 65.
Kc5 Qc7+ 66. Kb5 Ke5 67. a6 Kd6 0-1

[Event "Superettan(Rodeby-Horndal)"]
[Site "?"]
[Date "2010.03.14"]
[Round "9"]
[White "Ostling, Hakan"]
[Black "Angskog, Kent"]
[Result "1/2-1/2"]
[WhiteElo "2167"]
[BlackElo "2202"]
[PlyCount "84"]

1. f4 g6 2. Nf3 Bg7 3. d3 d6 4. Nc3 c5 5. e4 Nc6 6. g3 e6 7. Bg2 Nge7 8. O-O
O-O 9. Be3 Nd4 10. e5 Nef5 11. Bf2 d5 12. Nxd4 Nxd4 13. Na4 b6 14. b4 f6 15.
bxc5 fxe5 16. c3 Nc6 17. cxb6 exf4 18. Bc5 fxg3 19. Bxf8 gxh2+ 20. Kh1 Bxf8 21.
bxa7 Rxa7 22. d4 Ne7 23. Bh3 Nf5 24. Bxf5 exf5 25. Nb2 Ba6 26. Rf2 Re7 27. Nd3
Re4 28. Nf4 Bc4 29. Ng2 Bd6 30. a4 Qa5 31. Qc1 Qa6 32. Qd2 Bd3 33. Nf4 Bxf4 34.
Rxf4 Re2 35. Qd1 Be4+ 36. Rxe4 fxe4 37. Qf1 Qd3 38. a5 Qe3 39. a6 Rf2 40. Qxf2
Qxf2 41. a7 Qf3+ 42. Kxh2 Qf2+ 1/2-1/2

[Event "Superettan(Rodeby-Horndal)"]
[Site "?"]
[Date "2010.03.14"]
[Round "9"]
[White "Olsson, Krister"]
[Black "Wahlbom, Magnus"]
[Result "0-1"]
[WhiteElo "2329"]
[BlackElo "2258"]
[PlyCount "76"]

1. d4 Nf6 2. c4 e6 3. Nc3 Bb4 4. e3 b6 5. Bd3 Bb7 6. Nge2 O-O 7. a3 Bxc3+ 8.
Nxc3 d5 9. O-O Nbd7 10. cxd5 exd5 11. b4 Re8 12. Ra2 Nf8 13. Rc2 a6 14. Ne2 Ne6
15. f4 Qd6 16. Ng3 Bc6 17. Nh5 Nxh5 18. Qxh5 g6 19. Qh6 Bb5 20. Bxb5 axb5 21.
f5 Ng7 22. g4 gxf5 23. Qxd6 cxd6 24. Rc6 Rac8 25. Rxd6 Rc2 26. gxf5 Rec8 27.
Rxd5 Rxc1 28. Rxb5 R1c3 29. e4 Rxa3 30. Rxb6 Rd3 31. d5 Re3 32. Rc6 Rd8 33. Rc4
Ne8 34. Kf2 Rb3 35. Rd4 f6 36. Rc1 Rd7 37. Rc6 Nd6 38. Ra6 Kf7 0-1

[Event "Superettan(Rodeby-Horndal)"]
[Site "?"]
[Date "2010.03.14"]
[Round "9"]
[White "Bernhardsson, Sten"]
[Black "Bengts, Torleif"]
[Result "0-1"]
[WhiteElo "2049"]
[BlackElo "2174"]
[PlyCount "87"]

1. d4 Nf6 2. c4 c5 3. d5 e6 4. Nc3 exd5 5. cxd5 d6 6. Nf3 g6 7. Nd2 a6 8. a4
Bg7 9. Nc4 O-O 10. Bf4 Ne8 11. e4 f5 12. exf5 Bxf5 13. Qd2 Rf7 14. Be2 Qe7 15.
O-O Nd7 16. Rfe1 Qf8 17. Bg3 Rd8 18. Ne3 Ne5 19. Nxf5 Rxf5 20. Qc2 Nf6 21. f4
Nf7 22. Bd3 Rh5 23. Re6 Ng4 24. Rae1 Bd4+ 25. Kh1 Qh6 26. h3 Rxh3+ 27. gxh3
Qxh3+ 28. Bh2 Nf2+ 29. Qxf2 Bxf2 30. Bf1 Qf3+ 31. Bg2 Qh5 32. R1e2 Bg3 33. Bf1
Bxf4 34. Rf2 Bg3 35. Ne4 Qxd5 36. Bxg3 Qxe6 37. Bg2 Kg7 38. Bh4 g5 39. Bg3 Qb3
40. Kh2 b6 41. Nf6 Ne5 42. Be4 Qxa4 43. Kh3 Ng6 44. b4 0-1

[Event "Superettan(Rodeby-Horndal)"]
[Site "?"]
[Date "2010.03.14"]
[Round "9"]
[White "Eriksson, Magnus"]
[Black "Laksman, Efraim"]
[Result "1/2-1/2"]
[WhiteElo "2122"]
[BlackElo "2242"]
[PlyCount "59"]

1. d4 Nf6 2. c4 g6 3. Nc3 Bg7 4. e4 d6 5. Be2 O-O 6. Bg5 h6 7. Be3 c5 8. d5 e6
9. Qd2 exd5 10. exd5 Kh7 11. h3 Na6 12. Bd3 Nc7 13. a4 Na6 14. Nf3 Nb4 15. Bb1
a6 16. O-O Nh5 17. g4 Nf6 18. Nh2 Nd7 19. f4 Nb6 20. Bd3 Nxd3 21. Qxd3 f5 22.
Kg2 Bd7 23. b3 Nc8 24. Ra2 Ne7 25. Rd1 Qc8 26. Kg3 Ng8 27. Rg2 Kh8 28. Nf3 Ne7
29. g5 h5 30. Bd2 1/2-1/2

[Event "Superettan(Rodeby-Horndal)"]
[Site "?"]
[Date "2010.03.14"]
[Round "9"]
[White "Eriksson, Bengt"]
[Black "Becker, Johnny"]
[Result "0-1"]
[WhiteElo "2066"]
[BlackElo "2114"]
[PlyCount "73"]

1. d4 c5 2. c3 cxd4 3. cxd4 Nf6 4. Nc3 g6 5. e4 d6 6. Nf3 Bg7 7. h3 O-O 8. Bg5
a6 9. Bd3 b5 10. a3 Bb7 11. O-O Nbd7 12. Qd2 Rc8 13. Rac1 Nb6 14. Rfe1 Qd7 15.
Qe2 Rfd8 16. Red1 h6 17. Bh4 Nh5 18. Bb1 Re8 19. Ne1 Nc4 20. a4 Nf4 21. Qf3 g5
22. b3 Nb2 23. Rd2 b4 24. Rxb2 bxc3 25. Rbc2 Bxd4 26. Bg3 e5 27. Bxf4 exf4 28.
Re2 Qe6 29. Qd3 Be5 30. b4 Qc4 31. Nf3 Bg7 32. Qxc4 Rxc4 33. b5 Rxa4 34. bxa6
Bxa6 35. Ree1 Rb4 36. e5 dxe5 37. Rxc3 0-1

[Event "Superettan(Rodeby-Horndal)"]
[Site "?"]
[Date "2010.03.14"]
[Round "9"]
[White "Kallstrom, Magnus"]
[Black "Dolgov, Mikhail"]
[Result "0-1"]
[WhiteElo "1823"]
[BlackElo "1998"]
[PlyCount "62"]

1. e4 e5 2. Nf3 Nc6 3. Bb5 a6 4. Ba4 Nf6 5. O-O Nxe4 6. d4 b5 7. Bb3 d5 8. dxe5
Be6 9. c3 Bc5 10. Nbd2 O-O 11. Bc2 Nxf2 12. Rxf2 f6 13. exf6 Bxf2+ 14. Kxf2
Qxf6 15. Kg1 Rae8 16. Nb3 Ne5 17. Be3 Nxf3+ 18. Qxf3 Qxf3 19. gxf3 Rxf3 20. Bd4
Bh3 21. Nd2 Rf4 22. Nf1 Re2 23. Bd3 Rg2+ 24. Kh1 Rf3 25. Rd1 Rxb2 26. Ng3 Rxa2
27. Nh5 Bg4 28. Nxg7 Rh3 29. Bf5 Rhxh2+ 30. Kg1 Rag2+ 31. Kf1 Be2+ 0-1

[Event "Superettan(Rodeby-Horndal)"]
[Site "?"]
[Date "2010.03.14"]
[Round "9"]
[White "Wiker, Bo"]
[Black "Karlsson, Robert"]
[Result "1/2-1/2"]
[WhiteElo "2047"]
[BlackElo "2010"]
[PlyCount "81"]

1. e4 d6 2. d4 Nf6 3. Nc3 g6 4. f3 Bg7 5. Be3 O-O 6. Qd2 e5 7. Nge2 c6 8. g4 b5
9. Ng3 Qc7 10. O-O-O b4 11. Nce2 c5 12. dxc5 dxc5 13. Qd6 Qxd6 14. Rxd6 Nbd7
15. Kb1 Ne8 16. Rxd7 Bxd7 17. Bxc5 Nc7 18. Bxf8 Kxf8 19. Nc1 Ne6 20. Bd3 a5 21.
Nce2 Rc8 22. Rd1 Ke7 23. b3 Ng5 24. Rf1 Be6 25. Ng1 f6 26. h4 Nf7 27. N1e2 Bh6
28. Rd1 Be3 29. Kb2 Bf2 30. Rf1 Ba7 31. a3 Nd8 32. axb4 axb4 33. c3 bxc3+ 34.
Nxc3 Nc6 35. Nge2 Nd4 36. Nd5+ Bxd5 37. exd5 Nxe2 38. Bxe2 Bd4+ 39. Ka3 Kd6 40.
Bc4 Kc5 41. Ka2 1/2-1/2

[Event "Superettan(Mark-SodraSASS)"]
[Site "?"]
[Date "2010.03.14"]
[Round "9"]
[White "Sjoberg, Mats"]
[Black "Svensson, Sven"]
[Result "1-0"]
[WhiteElo "2356"]
[BlackElo "2296"]
[PlyCount "55"]

1. d4 Nf6 2. Nf3 e6 3. c4 Bb4+ 4. Bd2 Qe7 5. e3 O-O 6. Bd3 Bxd2+ 7. Nfxd2 d6 8.
Nc3 e5 9. d5 a5 10. a3 Na6 11. b4 axb4 12. axb4 Bg4 13. Qb1 Nxb4 14. Bxh7+ Nxh7
15. Rxa8 Rxa8 16. Qxb4 Ra1+ 17. Ncb1 b6 18. O-O Qe8 19. Nc3 Qa8 20. c5 Qa3 21.
Qxg4 Qxc3 22. Qc8+ Nf8 23. cxb6 Qxd2 24. Rxa1 cxb6 25. h3 b5 26. Ra8 b4 27.
Qxf8+ Kh7 28. Qxf7 1-0

[Event "Superettan(Mark-SodraSASS)"]
[Site "?"]
[Date "2010.03.14"]
[Round "9"]
[White "Mohammadi, Amir"]
[Black "Furhoff, Johan"]
[Result "0-1"]
[WhiteElo "2331"]
[BlackElo "2410"]
[PlyCount "94"]

1. e4 e5 2. Nf3 Nc6 3. Bc4 Nf6 4. d3 Be7 5. Nc3 d6 6. a4 O-O 7. O-O Be6 8. Bxe6
fxe6 9. Ng5 Qd7 10. f4 exf4 11. Bxf4 h6 12. Nh3 d5 13. e5 Bc5+ 14. Kh1 Nh7 15.
Ne2 d4 16. Ng3 g5 17. Ne4 Be7 18. Qg4 Kh8 19. Bg3 Rf5 20. Rf2 Raf8 21. Raf1 b6
22. Kg1 R8f7 23. b3 Nf8 24. Qh5 Kg7 25. Nd2 Ng6 26. Qe2 Qd5 27. Re1 Bb4 28.
Rxf5 exf5 29. Rd1 Bxd2 30. Qxd2 f4 31. Be1 Ncxe5 32. Nf2 f3 33. g3 c5 34. b4
Kh7 35. a5 Qe6 36. axb6 axb6 37. bxc5 bxc5 38. c3 Nf4 39. gxf4 gxf4 40. Kh1
dxc3 41. Qc2 Qg6 42. Nh3 Qg2+ 43. Qxg2 fxg2+ 44. Kxg2 c2 45. Ra1 f3+ 46. Kf1
Nxd3 47. Bd2 Rb7 0-1

[Event "Superettan(Mark-SodraSASS)"]
[Site "?"]
[Date "2010.03.14"]
[Round "9"]
[White "Winge, Stefan"]
[Black "Svensson, Leif"]
[Result "1-0"]
[WhiteElo "2317"]
[BlackElo "2236"]
[PlyCount "87"]

1. e4 e5 2. Nf3 Nc6 3. Bb5 a6 4. Ba4 Nf6 5. d3 Bc5 6. c3 b5 7. Bb3 Bb6 8. Nbd2
O-O 9. Qe2 d6 10. Nf1 Be6 11. Bxe6 fxe6 12. Be3 d5 13. Bxb6 cxb6 14. N1d2 Qe8
15. O-O Qh5 16. Rfe1 d4 17. Nb3 Rab8 18. a4 b4 19. cxb4 Nxb4 20. a5 Rfc8 21.
Rec1 Nd7 22. Rxc8+ Rxc8 23. Qd2 bxa5 24. Rxa5 Nc6 25. Rxa6 Ndb8 26. Ra1 Qf7 27.
Rc1 Qe8 28. Nc5 Nd7 29. b4 Nxb4 30. Qxb4 Qe7 31. g3 Qd6 32. Qb7 Rxc5 33. Ra1
Qc7 34. Ra8+ Kf7 35. Qa6 h6 36. Kg2 Qc6 37. Qxc6 Rxc6 38. Ra7 Ke8 39. Rxd7 Kxd7
40. Nxe5+ Kd6 41. Nxc6 Kxc6 42. f4 g6 43. Kf3 Kd6 44. Kg4 1-0

[Event "Superettan(Mark-SodraSASS)"]
[Site "?"]
[Date "2010.03.14"]
[Round "9"]
[White "Sixtensson, Mikael"]
[Black "Holmqvist, Gunnar"]
[Result "1/2-1/2"]
[WhiteElo "2271"]
[BlackElo "2244"]
[PlyCount "37"]

1. Nf3 Nf6 2. c4 e6 3. d4 d5 4. e3 c6 5. Nc3 Nbd7 6. b3 Bd6 7. Bb2 b6 8. Bd3
Bb7 9. O-O O-O 10. Qe2 Re8 11. e4 e5 12. cxd5 cxd5 13. dxe5 Nxe5 14. Nxd5 Nxd5
15. exd5 Nxd3 16. Qxd3 Bxd5 17. Rad1 Bxf3 18. Qxf3 Qc7 19. g3 1/2-1/2

[Event "Superettan(Mark-SodraSASS)"]
[Site "?"]
[Date "2010.03.14"]
[Round "9"]
[White "Adler, Bo"]
[Black "Oscarsson, Bo-Lennart"]
[Result "0-1"]
[WhiteElo "2249"]
[BlackElo "2177"]
[PlyCount "112"]

1. d4 f5 2. c4 Nf6 3. Nc3 g6 4. Bg5 Bg7 5. Qc2 d6 6. O-O-O c6 7. f3 Qa5 8. Kb1
Na6 9. Bd2 Qc7 10. e4 fxe4 11. fxe4 Ng4 12. Bc1 e5 13. Nf3 exd4 14. Nxd4 O-O
15. Nf3 Be6 16. h3 Bxc3 17. hxg4 Bf6 18. g5 Bh8 19. Be3 Rae8 20. Be2 Nc5 21.
Rh4 Bc8 22. Ka1 b6 23. Nd4 Be5 24. Bf3 Ne6 25. Ne2 Rf7 26. Nd4 a5 27. Nxe6 Bxe6
28. Kb1 Qb7 29. Bd4 b5 30. Bxe5 dxe5 31. c5 Qe7 32. Rd6 Qxg5 33. Rh1 Rc7 34.
Rhd1 Qe3 35. R1d3 Qg1+ 36. Rd1 Qe3 37. R6d3 Qg5 38. Rd6 Ree7 39. Rd8+ Kg7 40.
R1d6 Qe3 41. Rd3 Qe1+ 42. Rd1 Qb4 43. Qf2 Rcd7 44. Qe3 Rxd1+ 45. Rxd1 Rd7 46.
Rh1 Qd2 47. Qg1 Qd3+ 48. Ka1 Qc4 49. Qb1 Rd2 50. Rc1 Qd4 51. Rc3 b4 52. Rc1 a4
53. Rc2 a3 54. Qc1 axb2+ 55. Rxb2 Rxb2 56. Qxb2 Qxc5 0-1

[Event "Superettan(Mark-SodraSASS)"]
[Site "?"]
[Date "2010.03.14"]
[Round "9"]
[White "Kleimark, Anders"]
[Black "Johansson, Per"]
[Result "1-0"]
[WhiteElo "1974"]
[BlackElo "2060"]
[PlyCount "93"]

1. d4 d5 2. c4 c6 3. Nf3 Nf6 4. Nc3 dxc4 5. a4 Bf5 6. e3 e6 7. Bxc4 Bb4 8. O-O
Nbd7 9. Qe2 Bg4 10. Rd1 O-O 11. e4 Qe7 12. Bg5 e5 13. d5 h6 14. Bd2 Rad8 15. a5
a6 16. dxc6 bxc6 17. Bxa6 Nc5 18. Bc4 Ne6 19. Bxe6 Qxe6 20. h3 Bh5 21. a6 Bxf3
22. Qxf3 Qc4 23. Bxh6 Bxc3 24. Rxd8 Rxd8 25. a7 Ra8 26. bxc3 c5 27. Qg3 Ne8 28.
Bd2 f6 29. Qg4 Qf7 30. Be3 Qc7 31. Qe6+ Kh7 32. f3 Rxa7 33. Rxa7 Qxa7 34. Qxe8
Qa1+ 35. Kh2 Qxc3 36. Qh5+ Kg8 37. Qe8+ Kh7 38. Bg1 c4 39. Qh5+ Kg8 40. Qe8+
Kh7 41. Qc6 Qd3 42. Qc5 c3 43. Be3 c2 44. Bc1 Qe2 45. Qe3 Qc4 46. h4 g6 47.
Qh6+ 1-0

[Event "Superettan(Mark-SodraSASS)"]
[Site "?"]
[Date "2010.03.14"]
[Round "9"]
[White "Alqvist, Erik"]
[Black "Olofsson, Hans-Erik"]
[Result "0-1"]
[WhiteElo "1972"]
[BlackElo "2151"]
[PlyCount "80"]

1. e4 c5 2. Nf3 e6 3. d4 cxd4 4. Nxd4 Nc6 5. Nc3 a6 6. Be3 Qc7 7. Qd2 b5 8.
O-O-O Bb7 9. f3 Rc8 10. Ndxb5 axb5 11. Nxb5 Qd8 12. Bb6 Qe7 13. Nc7+ Rxc7 14.
Bxc7 Nf6 15. Bb5 Qc5 16. c4 Be7 17. e5 Nd5 18. Kb1 Ncb4 19. cxd5 Qxb5 20. d6
Bf8 21. Qg5 f6 22. Qe3 Nd5 23. Qd2 Kf7 24. Rhe1 g6 25. f4 Bg7 26. Ba5 Bh6 27.
g3 g5 28. Rf1 gxf4 29. gxf4 Ra8 30. Bc3 Ra4 31. Qc2 f5 32. Qd3 Rc4 33. Bd4 Nc3+
34. Ka1 Nxd1 35. Qxd1 Kf8 36. Rg1 Bg7 37. Qh5 Rxd4 38. Qxh7 Bg2 39. a3 Rd2 40.
b4 Qd3 0-1

[Event "Superettan(Mark-SodraSASS)"]
[Site "?"]
[Date "2010.03.14"]
[Round "9"]
[White "Voigt, Lennart"]
[Black "Broden, Per"]
[Result "1-0"]
[WhiteElo "2140"]
[BlackElo "1949"]
[PlyCount "191"]

1. d4 d5 2. Nf3 Nf6 3. c4 e6 4. Bg5 Be7 5. e3 O-O 6. Nc3 Nbd7 7. Qc2 c6 8. Bd3
dxc4 9. Bxc4 Nd5 10. Bxe7 Qxe7 11. O-O Nxc3 12. bxc3 b6 13. a4 Bb7 14. Bd3 h6
15. a5 c5 16. axb6 axb6 17. Bh7+ Kh8 18. Be4 Nf6 19. Bxb7 Qxb7 20. Rxa8 Rxa8
21. Ne5 cxd4 22. cxd4 Kg8 23. Rb1 b5 24. Nd3 Ne4 25. f3 Nd6 26. Qc5 Ra6 27. Nb4
Rb6 28. d5 exd5 29. Nxd5 Ra6 30. e4 Qa7 31. Qxa7 Rxa7 32. e5 Nc4 33. f4 Rb7 34.
Kf2 Kf8 35. Rb4 Ke8 36. Rxb5 Ra7 37. h3 Kd7 38. Rc5 Nb2 39. Kf3 Nd3 40. Nb6+
Ke8 41. Rc8+ Ke7 42. Rc3 Ne1+ 43. Kf2 Ra1 44. f5 Rc1 45. Nd5+ Kd8 46. Rxc1 Nd3+
47. Ke3 Nxc1 48. f6 gxf6 49. Nxf6 Nb3 50. g4 Nc5 51. h4 Ke7 52. Kd4 Ne6+ 53.
Ke4 Kf8 54. Nh5 Nc5+ 55. Ke3 Ne6 56. Ng3 Kg7 57. Ke4 Nc5+ 58. Kf5 Ne6 59. Nh5+
Kf8 60. Kf6 Nc5 61. Ng3 Nd7+ 62. Kf5 Nc5 63. Ne4 Ne6 64. Kf6 Nc7 65. Nd6 Nd5+
66. Kf5 Ne3+ 67. Kf4 Nd5+ 68. Ke4 Nc3+ 69. Kd4 Ne2+ 70. Ke3 Nc3 71. Nf5 h5 72.
gxh5 Nd5+ 73. Ke4 Nc3+ 74. Kd3 Nd5 75. h6 Kg8 76. Ke4 Nc3+ 77. Kf4 Ne2+ 78. Kg5
Nc3 79. Nd6 Nd5 80. h7+ Kxh7 81. Nxf7 Kg7 82. Nd6 Nc3 83. h5 Nd5 84. e6 Nc7 85.
e7 Ne6+ 86. Kf5 Nc7 87. e8=Q Nxe8 88. Nxe8+ Kh6 89. Nf6 Kg7 90. Kg5 Kh8 91. Ng4
Kg7 92. Kf5 Kh7 93. Kf6 Kg8 94. Kg6 Kh8 95. Ne5 Kg8 96. Nf7 1-0

[Event "Superettan(Manhem II-Solna)"]
[Site "?"]
[Date "2010.03.14"]
[Round "9"]
[White "Lindberg, Bengt"]
[Black "Larsson, Dan"]
[Result "1-0"]
[WhiteElo "2448"]
[BlackElo "2106"]
[PlyCount "101"]

1. e4 c5 2. Nf3 d6 3. d4 cxd4 4. Nxd4 Nf6 5. Nc3 g6 6. Be3 Bg7 7. f3 O-O 8. Qd2
Nc6 9. Bc4 Bd7 10. O-O-O Rc8 11. Bb3 Ne5 12. Kb1 Nc4 13. Bxc4 Rxc4 14. g4 b5
15. b3 Rc8 16. Ndxb5 Qa5 17. a4 a6 18. Nd5 Qxd2 19. Nxe7+ Kh8 20. Rxd2 Rce8 21.
Nxd6 Rxe7 22. Bc5 Re5 23. Nb7 Rb8 24. Bd6 Rxb7 25. Bxe5 Bxa4 26. Ka2 Bd7 27.
Rhd1 Be6 28. Rd6 Nd7 29. Bxg7+ Kxg7 30. Rxa6 Nc5 31. Rc6 Nd7 32. g5 h6 33. h4
hxg5 34. hxg5 Ne5 35. Rc3 f5 36. gxf6+ Kxf6 37. f4 Nf7 38. Rc6 Ke7 39. Rg1 Nd8
40. Ra6 Bf7 41. f5 gxf5 42. exf5 Rc7 43. Re1+ Kd7 44. Rd1+ Ke7 45. f6+ Ke8 46.
Ra8 Rd7 47. Rh1 Kf8 48. Rh8+ Bg8 49. c4 Rd2+ 50. Kb1 Kf7 51. Kc1 1-0

[Event "Superettan(Manhem II-Solna)"]
[Site "?"]
[Date "2010.03.14"]
[Round "9"]
[White "Lundstrom, Mattias"]
[Black "Bergstrom, Christer"]
[Result "0-1"]
[WhiteElo "2134"]
[BlackElo "2372"]
[PlyCount "74"]

1. e4 c5 2. Nf3 Nc6 3. d4 cxd4 4. Nxd4 e6 5. c4 Nf6 6. Nc3 Qc7 7. Nc2 a6 8. Be2
Ne5 9. Ne3 Bc5 10. Qb3 O-O 11. O-O b6 12. f3 Ng6 13. Rd1 Nf4 14. Kh1 Nxe2 15.
Nxe2 Rd8 16. Qd3 Bb7 17. Nc3 Bc6 18. Bd2 Rab8 19. a4 Qe5 20. Be1 Qg5 21. Nc2 d5
22. cxd5 exd5 23. exd5 Nxd5 24. Qxa6 Qg6 25. Qd3 Qxg2+ 26. Kxg2 Nf4+ 27. Kg3
Nxd3 28. Ne4 Be7 29. b4 f5 30. b5 Bb7 31. Nd2 Rd6 32. Kg2 Rbd8 33. Kf1 Rg6 34.
Ne3 Bc5 35. Ng2 Nxe1 36. Nxe1 Rg1+ 37. Ke2 Rh1 0-1

[Event "Superettan(Manhem II-Solna)"]
[Site "?"]
[Date "2010.03.14"]
[Round "9"]
[White "Johansson, Gunnar"]
[Black "Andersson, Goran"]
[Result "1-0"]
[WhiteElo "2284"]
[BlackElo "2186"]
[PlyCount "63"]

1. d4 Nf6 2. Nf3 g6 3. c4 Bg7 4. Nc3 O-O 5. e4 d6 6. h3 e5 7. d5 Na6 8. Bg5 h6
9. Be3 Nc5 10. Nd2 a5 11. Be2 Nfd7 12. g4 f5 13. exf5 gxf5 14. gxf5 Qh4 15. Qc2
e4 16. Ndxe4 Re8 17. Bxc5 Nxc5 18. Nxc5 dxc5 19. O-O-O Qf4+ 20. Kb1 Bxf5 21.
Bd3 Rf8 22. Rhg1 Kh8 23. Bxf5 Rxf5 24. Ne4 Ra6 25. Nxc5 Rb6 26. Ne6 Qxf2 27.
Nxg7 Qxc2+ 28. Kxc2 Rf2+ 29. Rd2 Rxd2+ 30. Kxd2 Rxb2+ 31. Kc3 Rxa2 32. Ne8 1-0

[Event "Superettan(Manhem II-Solna)"]
[Site "?"]
[Date "2010.03.14"]
[Round "9"]
[White "Outgajjouft, Said"]
[Black "Karlsson, Tomas"]
[Result "1/2-1/2"]
[WhiteElo "2100"]
[BlackElo "2270"]
[PlyCount "110"]

1. e4 e6 2. d4 d5 3. exd5 exd5 4. Bd3 Nf6 5. Ne2 Bd6 6. Bg5 h6 7. Bh4 Be6 8.
Nd2 Nc6 9. c3 g5 10. Bg3 Nh5 11. Bxd6 Qxd6 12. Qc2 O-O-O 13. O-O-O Nf4 14. Nxf4
Qxf4 15. Rdf1 Qd6 16. g3 Kb8 17. f4 f6 18. fxg5 fxg5 19. Rf6 Rdf8 20. Rhf1 Rxf6
21. Rxf6 Qe7 22. Rf2 Bg4 23. Nf3 a6 24. Qe2 Qf7 25. h3 Re8 26. Qf1 Bxf3 27.
Rxf3 Re1+ 28. Qxe1 Qxf3 29. Bc2 Ka7 30. Bb3 Na5 31. Qe5 Qf1+ 32. Kc2 Qf2+ 33.
Kc1 Qf1+ 34. Kc2 Nxb3 35. axb3 c6 36. Qd6 Qxh3 37. Qc5+ Kb8 38. Qd6+ Kc8 39.
Qf8+ Kc7 40. Qg7+ Kb6 41. Qf8 Qe6 42. b4 Qg6+ 43. Kb3 h5 44. Qc5+ Kc7 45. Qe7+
Kc8 46. Qf8+ Kd7 47. Qb8 b5 48. Qb7+ Kd6 49. Qb8+ Ke6 50. Qc8+ Kf7 51. Qd7+ Kg8
52. Qd8+ Kh7 53. Qe7+ Qg7 54. Qe8 Qg6 55. Qe7+ Kg8 1/2-1/2

[Event "Superettan(Manhem II-Solna)"]
[Site "?"]
[Date "2010.03.14"]
[Round "9"]
[White "Landgren, Andreas"]
[Black "Bergre, Joachim"]
[Result "0-1"]
[WhiteElo "2220"]
[BlackElo "2105"]
[PlyCount "56"]

1. d4 g6 2. c4 Bg7 3. e4 d6 4. Nc3 Nd7 5. Nf3 e5 6. Be2 Ne7 7. O-O O-O 8. Be3
f5 9. exf5 gxf5 10. dxe5 f4 11. exd6 fxe3 12. dxe7 exf2+ 13. Rxf2 Qxe7 14. Qd5+
Kh8 15. Re1 c6 16. Qh5 Qc5 17. Qxc5 Nxc5 18. Bf1 Bf5 19. Rd2 Rae8 20. Rxe8 Rxe8
21. Nd1 a5 22. b3 Bf6 23. h3 Bb1 24. g4 Kg8 25. g5 Bg7 26. h4 Ne4 27. Rg2 Rf8
28. Ne1 Bd4+ 0-1

[Event "Superettan(Manhem II-Solna)"]
[Site "?"]
[Date "2010.03.14"]
[Round "9"]
[White "Pettersson, Anders"]
[Black "Steneskog, Per"]
[Result "1/2-1/2"]
[WhiteElo "2082"]
[BlackElo "2219"]
[PlyCount "141"]

1. d4 d5 2. c4 e6 3. Nc3 Nf6 4. Bg5 Nbd7 5. e3 c6 6. a3 dxc4 7. Bxf6 Nxf6 8.
Bxc4 Be7 9. Nf3 O-O 10. O-O c5 11. Qe2 a6 12. Rfd1 b5 13. Ba2 Qb6 14. Rac1 Bb7
15. Bb1 Rfd8 16. dxc5 Bxc5 17. b4 Bd6 18. Nd4 Rd7 19. Nb3 Rad8 20. f3 g6 21.
Rd4 Bd5 22. Nxd5 Nxd5 23. Be4 Be5 24. Rd2 Qxe3+ 25. Qxe3 Nxe3 26. Rxd7 Rxd7 27.
Rc6 Rd6 28. Rxd6 Bxd6 29. Bb7 Nc4 30. Bxa6 Nxa3 31. Nd4 Bxb4 32. Nxb5 Nc2 33.
Kf2 Bc5+ 34. Kg3 Ne3 35. Nc3 Nf5+ 36. Kh3 Kg7 37. Bd3 Nd4 38. Ne4 Bb6 39. f4
Bc7 40. g3 Nc6 41. Kg2 Bb6 42. h4 Bd8 43. Nd2 Bf6 44. Nf3 Bd8 45. Be4 Ne7 46.
Nd4 Kf6 47. Nc6 Nxc6 48. Bxc6 Ke7 49. Kf3 Ba5 50. Be4 Be1 51. Bd3 Kd6 52. Bc2
Kc5 53. Ba4 Kd4 54. Bb3 Kc5 55. Ba2 Kd6 56. Bb3 f6 57. Bc2 Ke7 58. Bd3 Kf7 59.
Bc4 h6 60. Bb3 Ke7 61. Bc2 f5 62. Bb3 Kf6 63. Bc4 Bd2 64. Bb3 Ke7 65. Ba2 Kf6
66. Bb3 e5 67. fxe5+ Kxe5 68. Bc2 Be1 69. Bb1 g5 70. hxg5 hxg5 71. g4 1/2-1/2